EVALUATION OF DIFFERENT BIOLOGICAL, CHEMICAL AND THEIR COMBINATION TO CONTROL INSECTS ON GREEN BAK CHOY (Brassica rapa var. chinensis) ការវាយតម្លៃនៃភាពខុសគ្នារវាងការប្រើប្រាស់ថ្នាំជីវសាស្រ្ត​ ថ្នាំគីមី និងការរួមបញ្ចូលគ្នាដើម្បីគ្រប់គ្រងសត្វល្អិតលើដំណាំស្ពៃតឿ (Brassica rapa var. Chinensis) (Record no. 22680)

000 -LEADER
fixed length control field 00916nam a22001337a 4500
040 ## - CATALOGING SOURCE
Transcribing agency RUA
082 ## - DEWEY DECIMAL CLASSIFICATION NUMBER
Classification number AGR KHO 2021 B1-586 Or.
100 ## - MAIN ENTRY--AUTHOR NAME
Personal name KHOEM SOPOCH ឃឹម សុប៉ុច
245 ## - TITLE STATEMENT
Title EVALUATION OF DIFFERENT BIOLOGICAL, CHEMICAL AND THEIR COMBINATION TO CONTROL INSECTS ON GREEN BAK CHOY (Brassica rapa var. chinensis) ការវាយតម្លៃនៃភាពខុសគ្នារវាងការប្រើប្រាស់ថ្នាំជីវសាស្រ្ត​ ថ្នាំគីមី និងការរួមបញ្ចូលគ្នាដើម្បីគ្រប់គ្រងសត្វល្អិតលើដំណាំស្ពៃតឿ (Brassica rapa var. Chinensis)
260 ## - PUBLICATION, DISTRIBUTION, ETC. (IMPRINT)
Place of publication PHNOM PENH
Name of publisher RUA
Year of publication 2021
300 ## - PHYSICAL DESCRIPTION
Number of Pages X. 39P
Other physical details VIII.
Dimensions 29CM
856 ## - ELECTRONIC LOCATION AND ACCESS
Uniform Resource Identifier https://drive.google.com/file/d/1olyWGF2l9ImTHf2hrc0eYOudqZyy6V9C/view?usp=sharing
942 ## - ADDED ENTRY ELEMENTS (KOHA)
Koha item type AGR
952 ## - LOCATION AND ITEM INFORMATION (KOHA)
Withdrawn status [LOCAL, KOHA] 0
952 ## - LOCATION AND ITEM INFORMATION (KOHA)
Withdrawn status [LOCAL, KOHA] 0
952 ## - LOCATION AND ITEM INFORMATION (KOHA)
Withdrawn status [LOCAL, KOHA] 0
952 ## - LOCATION AND ITEM INFORMATION (KOHA)
Withdrawn status [LOCAL, KOHA] 0
Holdings
Permanent Location Date acquired Koha item type Lost status Shelving location Barcode Current Location Full call number
Library Block B2024-03-26AGR B1.586a078601Library Block BAGR KHO 2021 B1-586 Or.
Library Block B2024-03-26AGR B1.586a078541Library Block BAGR KHO 2021 B1-586 Or.
Library Block B2024-03-26AGR B1.586a078481Library Block BAGR KHO 2021 B1-586 Or.
Library Block B2024-03-26AGR B1.586a078457Library Block BAGR KHO 2021 B1-586 Or.
មជ្ឈមណ្ឌលឯការនៃសាកលវិទ្យាល័យភូមិន្ទកសិកម្មចំការដូង

Powered by Koha